00655nam a22002057a 450000500170000000800410001702000150005804000070007304100080008008200220008810000130011024500730012326000440019630000320024052000830027265000150035565000310037065000350040170000130043620211029102632.0211029b ||||| |||| 00| 0 eng d a8174560300 cAL aeng 223a109.954bASIO aAsianand aOne Thousand Nine Hundred Ninety Six Whither India? Whiter Mankind?? aNew DelhibThe New India Movementc1996 axxvii,323 p.bHBc23x15 cm. aA normative Prognosis Based on a New Personality Theory and a New Image of Man aPhilosophy aPsychoanalysis and Culture aCivilization Western Influence aASIANAND